Giáo trình luật hành chính Việt Nam

সংরক্ষণ করুন:
গ্রন্থ-পঞ্জীর বিবরন
প্রধান লেখক: Trần, Minh Hương
বিন্যাস: গ্রন্থ
ভাষা:Undetermined
প্রকাশিত: Hà Nội Công an nhân dân 2004
বিষয়গুলি:
ট্যাগগুলো: ট্যাগ যুক্ত করুন
কোনো ট্যাগ নেই, প্রথমজন হিসাবে ট্যাগ করুন!
Thư viện lưu trữ: Trung tâm Học liệu Trường Đại học Cần Thơ
LEADER 00581nam a2200193Ia 4500
001 CTU_64378
008 210402s9999 xx 000 0 und d
020 |b 50000 
082 |a 351.597 
082 |b H561 
100 |a Trần, Minh Hương 
245 0 |a Giáo trình luật hành chính Việt Nam 
245 0 |c Trần Minh Hương (Chủ biên) 
260 |a Hà Nội 
260 |b Công an nhân dân 
260 |c 2004 
650 |a Public administration 
904 |i Minh (Nguyênsửa) 
980 |a Trung tâm Học liệu Trường Đại học Cần Thơ